Responses for Show #8885 - Friday, June 2, 2023

Jared Watson game 2.

Contestants

[<< previous game]

Sylvia Izzo Hunter, a marketing manager from Toronto, Ontario, Canada

Jong Limb, a retired software developer from Glen Allen, Virginia

Jared Watson, a quality control specialist from Greenville, Texas (whose 1-day cash winnings total $14,000)

[next game >>]

Jeopardy! Round responses

YOU HAVE SELECTED REGICIDE
OHIO GEOGRAPHY
GARDEN PARTY
THEIR MIDDLE INITIAL
SPORTS STARS CALLING IT QUITS
INTERNAL ORGANS (& OTHER BODY PARTS)
(Mayim: One such part will be within each response.)
    $200 15
a fish

Jared
    $200 14
(Jong: What is Lake Michigan?)

Lake Erie

Jong
Triple Stumper
    $200 12
garlic

Jared
    $200 25
S.

Jared
    $200 26
the (Brooklyn) Dodgers

Jong
    $200 29
a plunge

Jared
    $400 27
(Jared: Who is Louis?)
(Mayim: More specific?)

Louis XVI

Jared
    $400 30
(Mayim: That's the Ohio State University at [*].)

Columbus

Triple Stumper
    $400 28
carrot

Sylvia
    $400 24
R.

Jared
    $400 7
Mia Hamm

Jared
    $400 18
a snail

Jared
    $600 1
Caligula

Jared
    $600 21
Canton

Jared
    $600 11
a sweet potato

Sylvia
    $600 8
B.

Jared
    $600 4
(Jong: Who is Michael Thorpe?)

Michael Phelps

JaredJong
    $600 17
a shingle

Sylvia
    $800 2
Peter

Jared
    $3,000 22
(Jared: What is Olympus?)

Akron

Jared
    $800 13
Brussels sprouts

Sylvia
    $800 9
P.

Jared
    $800 5
Lindsey Vonn

Jared
    $800 16
colonel

Triple Stumper
    $1000 3
Richard III

Jong
    $1000 23
Wright-Patterson

Triple Stumper
    $1000 20
broccoli

Jared
    $1000 10
K.

Jong
    $1000 6
Michael Chang

Jong
    $1000 19
(Jared: What's Hastings?)

England

Jared
Triple Stumper

Scores at the first commercial break (after clue 15):

Jared Jong Sylvia
$5,000 $2,200 $1,400

Scores at the end of the Jeopardy! Round:

Jared Jong Sylvia
$4,200 $2,400 $2,400

Double Jeopardy! Round responses

INVENTORS & INVENTIONS
WOMEN AUTHORS
STATE OF THE UNION
(Mayim: Tell us in which of the 50 states this wedding took place.)
IT'S A FACT
ANIMAL ROCK
WORDS ENDING IN "Y"
    $400 9
(Sylvia: What is a snap?)
(Jong: What is a bra?)
[NOTE: This was the 475,000th clue entered into the J! Archive, on 2023-06-02.]

a zipper

JaredJongSylvia
    $400 1
[Sylvia selected the first clue.]

William Shakespeare

Sylvia
    $400 13
(Jared: What's Tennessee?)
(Jong: What is Las Vegas?)

Nevada

JaredJongSylvia
    $400 16
Chesapeake Bay

Jared
    $400 5
the wolf

Jared
    $400 2
the fairway

Jared
    $800 27
a razor

Jared
    $800 14
Prince Edward Island

Sylvia
    $800 30
Georgia

Jong
    $800 26
sacraments

Sylvia
    $800 6
a skunk

Jared
    $800 8
an apiary

Sylvia
    $1200 10
3D printing

Jared
    $1,500 15
A Tree Grows in Brooklyn

Sylvia
    $1200 20
Minnesota

Jared
    $1200 17
(George) Eastman

Jared
    $1200 3
"Who Let The Dogs Out"

Jared
    $2,000 23
the judiciary

Jared
    $1600 11
(Mayim: Yes, seems like an important thing.)

Otis

Jared
    $1600 28
(George) Eliot

Jared
    $1600 21
Pennsylvania

Triple Stumper
    $1600 18
bronchitis

Triple Stumper
    $1600 4
a caterpillar

Sylvia
    $1600 24
credulity

Jared
    $2000 12
Pascal

Sylvia
    $2000 29
Colleen Hoover

Triple Stumper
    $2000 22
(Jong: What is Massachusetts?)

Rhode Island

Jong
Triple Stumper
    $2000 19
Stalingrad

Jared
    $2000 7
"Karma Chameleon"

Jong
    $2000 25
hagiography

Sylvia

Scores at the end of the Double Jeopardy! Round:

Jared Jong Sylvia
$20,600 $2,400 $12,300

[wagering suggestions for these scores]

Final Jeopardy! Round responses

20th CENTURY AMERICA
(Mayim: [To Jared] Faced with the prospect of impeachment, he resigned the office of the presidency.)
JongWhat is Nixon Pardoned
$2,000
SylviaWhat is Carter defeated
$8,301
JaredWhat is Nixon resigns?
$4,001
"Nixon Resigns"

Final scores:

Jared Jong Sylvia
$24,601 $400 $3,999
2-day champion: $38,601 3rd place: $1,000 2nd place: $2,000

Game dynamics:

Coryat scores:

Jared Jong Sylvia
$22,800 $2,400 $12,000
31 R
(including 1 DD),
3 W
(including 1 DD)
6 R,
5 W
13 R
(including 1 DD),
1 W

Combined Coryat: $37,200

[game clues] [game scores] [suggest correction]

Game tape date: 2023-03-24
The J! Archive is created by fans, for fans. Scraping, republication, monetization, and malicious use prohibited; this site may use cookies and collect identifying information. See terms. The Jeopardy! game show and all elements thereof, including but not limited to copyright and trademark thereto, are the property of Jeopardy Productions, Inc. and are protected under law. This website is not affiliated with, sponsored by, or operated by Jeopardy Productions, Inc. Join the discussion at JBoard.tv.